[Event "Waterkloof Robbertse Memorial"]
[Site "Waterkloof"]
[Date "2015.01.31"]
[Round "3"]
[White "Matseme, Tshepo"]
[Black "Ristovich, Dmitar S"]
[Result "0-1"]
[WhiteElo "1883"]
[BlackElo "1904"]
[PlyCount "72"]
[EventDate "2015.01.29"]
[EventType "swiss"]
[EventRounds "6"]
[EventCountry "RSA"]
[SourceTitle "CBM 164 Extra"]
[Source "ChessBase"]
[SourceDate "2015.03.02"]
[SourceVersion "1"]
[SourceVersionDate "2015.03.02"]
[SourceQuality "1"]

1. e4 c6 2. c4 d5 3. exd5 cxd5 4. cxd5 Nf6 5. Nc3 g6 6. Bc4 Bg7 7. d4 0-0 8. Nf3 Nbd7 9. d6 exd6 10. 0-0 Nb6 11. Bb3 Bg4 12. h3 Bf5 13. Bg5 h6 14. Bh4 g5 15. Bg3 Qd7 16. a4 Rfc8 17. a5 Nc4 18. Qe2 d5 19. Ne5 Qd8 20. Rfd1 Nxa5 21. Bc2 Bxc2 22. Qxc2 Ne4 23. Bh2 Nxc3 24. bxc3 Nc4 25. Qf5 Qf6 26. Qd7 Nxe5 27. dxe5 Qc6 28. Rxd5 Qxd7 29. Rxd7 b5 30. Raxa7 Rxa7 31. Rxa7 b4 32. Kf1 bxc3 33. Ra1 c2 34. Rc1 Bf8 35. Ke2 Ba3 36. Kd2 Rd8+ 0-1